Nak ke tak nak

Bibliographic Details
Main Author: HM Tuah Iskandar Al-Haj
Format: Book
Published: Selangor : Alaf 21 , 2004
Subjects:

MARC

LEADER 00000cam a2200000 7i4500
001 0000004075
005 20160126.0
020 0 0 |a 9838602385 
090 0 0 |a 158.1   |b HM 2004 
100 0 0 |a HM Tuah Iskandar Al-Haj 
245 1 0 |a Nak ke tak nak   |c HM Tuah Iskandar Al-Haj 
260 0 0 |a Selangor :   |b Alaf 21 ,   |c 2004 
300 |a 320 p. ;   |c 19 cm. 
650 0 0 |a Psychology (Motivation) 
650 0 0 |a Self-actualization 
998 |a JPSM 
999 |a 007899   |b Monograph   |c Open Shelf   |e Default branch